000 00724nam a2200253 a 4500
001 000038519
003 DO-SdBNP
005 20230623081801.0
007 ta
008 130412s1988 dr 000 0 spa d
040 _aDO-SdBNP
_bspa
_cBNPHU
_erda
082 _bG216t, 1988
_222
100 1 _aGarcia Dubus, Luis
_920490
245 1 0 _a¿Tiene usted mentalidad de exito? / :
_cLuis Garcia Bubus
264 _aSanto Domingo :
_bBiblos,
_c1988
300 _a194 paginas ;
_c19 cm.
336 _2rdacontent
_atexto
_btxt
337 _2rdamedia
_asin mediación
_bn
338 _2rdacarrier
_avolumen
_bnc
590 _aInventariado, 2023 / DG
700 1 _aMateo, Andrés
_eprologo
_97205
910 _aDG
942 _2ddc
_cLBS1
999 _c53911
_d53911